01161nam a2200277Ia 450000500170000000800410001702000150005804100080007308200150008124501090009625000440020526400330024930000330028233600270031533700330034233800280037565000310040365000530043470000420048770000360052994200120056504000350057799900130061295201290062595201290075420220316235341.0121119s2003 ck gr 000 0 spa  a95830037270 aspa04a398.2bM3700aMitos y leyendas colombianoscselección y adaptación, Fabio Silva ; ilustración, Eric Nieto Torres aPrimera edición, quinta reimpresión 1aBogotábPanamericanac2003 a112 páginasbilustraciones atextobtxt2rdacontent asin mediaciónbn2rdamedia avolumenbnc2rdacarrier142LEMBaLeyendas colombianas142LEMBaMitología colombianaxMitos y costumbres1 aNieto Torres, Ericeilustrador9166291 aSilva, Fabioecompilador979601 2ddccBK aCO-BoRNBPbspaerdacCO-BoRNBP c693d693 00102ddc40708GENaMEDORADObMEDORADOcGENd2022-12-28l0o398.2 M37pDOR00434r2022-12-28 00:00:00tEj.1w2022-12-28yBK 00102ddc40708GENaMEVHERMObMEVHERMOcGENd2023-08-09l0o398.9 M37pVIS00499r2023-08-09 21:20:39tEj.1w2023-08-09yBK